01581nam a2200373 a 4500001001200000003000800012006001900020007001500039008004100054010001700095020003500112040002100147035002000168050002300188082002100211100002000232245013200252260005400384300002200438504005400460533015200514650005000666650007400716650007100790650004700861650002400908651003600932655002900968700002800997700002401025710001701049856012601066999001501192ebr10001737CaPaEBRm u cr cn|||||||||990629s1999 moua sb s000 0deng  z 99037932  z0826212638 (pbk. : alk. paper) aCaPaEBRcCaPaEBR a(OCoLC)5563840914aPS261b.S83 1999eb04a811/.54099752211 aSuarez, Ernest.10aSouthboundh[electronic resource] :binterviews with southern poets /cby Ernest Suarez with T.W. Stanford, III and Amy Verner. aColumbia :bUniversity of Missouri Press,cc1999. ax, 256 p. :bill. aIncludes bibliographical references (p. 223-256). aElectronic reproduction.bPalo Alto, Calif. :cebrary,d2013.nAvailable via World Wide Web.nAccess may be limited to ebrary affiliated libraries. 0aPoets, AmericanzSouthern StatesvInterviews. 0aAmerican poetryzSouthern StatesxHistory and criticismxTheory, etc. 0aAmerican poetryy20th centuryxHistory and criticismxTheory, etc. 0aPoets, Americany20th centuryvInterviews. 0aPoetryxAuthorship. 0aSouthern StatesxIn literature. 7aElectronic books.2local1 aStanford, T. W.,d1969-1 aVerner, Amy,d1974-2 aebrary, Inc.40uhttp://site.ebrary.com/lib/rucke/Doc?id=10001737zAn electronic book accessible through the World Wide Web; click to view c4739d4739